| 000 | 00899cam a2200241 4500 | ||
|---|---|---|---|
| 001 | J2602 | ||
| 008 | 090401t1994 xxu||||| |||| 00| 0 eng d | ||
| 035 | _a(Sirsi) u50016 | ||
| 041 | _aeng | ||
| 050 | _a692.8 | ||
| 110 |
_aNational Joint Consultative Committee for Building _9994 |
||
| 245 | _aCode of procedure for two stage selective tendering. | ||
| 250 | _aRevised ed. | ||
| 260 |
_aLondon _bNJCC _c1994 |
||
| 300 | _a12p. ; 30cm. | ||
| 350 | _a5 | ||
| 520 | _aProduced in collaboration with the Scottish Joint Consultative Committee and the Joint Consultative Committee for Building, Northern Ireland and in consultation with the Department of the Environment. SUPERSEDED - see J3578. | ||
| 650 | _aBUILT ENVIRONMENT-BUILDING CONTRACT FORMS | ||
| 650 | _aTWO STAGE SELECTIVE TENDERING | ||
| 690 | _aBUILT ENVIRONMENT-BUILDING CONTRACT FORMS | ||
| 942 | _n0 | ||
| 948 | _c04/03/1997 | ||
| 999 |
_c92643 _d92643 |
||